| 000 | 00865nam a22002777a 4500 | ||
|---|---|---|---|
| 001 | BR9512218 | ||
| 003 | BR-BrBNA | ||
| 005 | 20230928095158.0 | ||
| 007 | ta | ||
| 008 | 230509b bl.||||| |||| 00| 0 por d | ||
| 040 |
_aBR-BrBNA _bpor _cBiblioteca Nacional de Agricultura |
||
| 041 | _a(Por) | ||
| 072 | _aL53 | ||
| 090 | _ L53 BR9512218 | ||
| 100 | 1 | _aBlume, H. | |
| 110 | 1 |
_aUniversidade Federal de Minas Gerais, Belo Horizonte (Brasil). Escola de Veterinaria _0Tese (Mestre em Medicina Veterinaria) |
|
| 245 | 1 | _aCultivo e criopreservacao de embrioes murideos em agua de coco | |
| 260 | 3 |
_aBelo Horizonte, MG (Brasil): _c1994. |
|
| 300 | _a49 p. | ||
| 500 | _aSummaries (Eng, Por); 28 ref.; 5 tables; 7 graphs | ||
| 650 | _aEmbriao | ||
| 650 | _aRefrigeracao | ||
| 650 | _aMeio de Cultura | ||
| 909 |
_a202309 _bLucia _c55 _dLucia Elande |
||
| 942 | _cBK | ||
| 999 |
_c55014 _d55014 |
||